| 000 | 00537nam a2200181Ia 4500 | ||
|---|---|---|---|
| 008 | 090123s9999 xx 000 0 und d | ||
| 082 | _b36913 | ||
| 100 | _aपटवर्धन वसुंधरा | ||
| 245 | _aपिपाणी | ||
| 250 | _a1 | ||
| 260 |
_bमनोरमा प्रकाशन _c2004 |
||
| 300 | _a142 | ||
| 600 | _aपटवर्धन वसुंधरा | ||
| 630 | _aपिपाणी | ||
| 700 | _aपटवर्धन वसुंधरा | ||
| 730 | _aपिपाणी | ||
| 942 | _cBOOK | ||
| 999 |
_c74980 _d74980 |
||